000 00342 a2200157 4500
001 183149
020 _a85-280-0458-9
040 _cMagnum
100 _aVerde, Cesario
240 1 0 _aO livro de cesário verde
_lpor
245 1 0 _aO livro de cesário verde
300 _a127
362 0 _a1998
697 _aLITERATURA GERAL
942 _cBK
999 _c183149
_d183149